[Event "EU-ch 13th"]
[Site "Plovdiv"]
[Date "2012.03.27"]
[Round "7"]
[White "Lenic, Luka"]
[Black "Sutovsky, Emil"]
[Result "1/2-1/2"]
[WhiteElo "2637"]
[BlackElo "2700"]
[Annotator "Mikhalchishin,A"]
[PlyCount "80"]
[EventDate "2012.03.20"]
[EventType "swiss"]
[EventRounds "11"]
[EventCountry "BUL"]
[SourceTitle "CBM 148"]
[Source "ChessBase"]
[SourceDate "2012.05.16"]
[SourceVersion "1"]
[SourceVersionDate "2012.05.16"]
[SourceQuality "1"]

1. c4 c5 2. Nf3 Nf6 3. d4 cxd4 4. Nxd4 Nc6 5. Nc3 e6 6. a3 Bc5 ({The solid} 
6... Be7 {seems to be better:} 7. g3 d5 ({The most critical here is} 7... Qb6
8. Bh6) 8. Bg2 O-O 9. O-O Re8 ({It is not useful to open the Catalan bishop by
} 9... dxc4 10. Nxc6 bxc6 11. Qa4 Bb7 (11... Nd5 $5 12. Qxc6 Bd7 13. Qxc4 Rc8
14. Qa6 Nxc3 15. bxc3 Qb6 $1) 12. Qxc4 Nd5 $146 (12... Qc8 13. b4 Nd5 14. Bb2
Bf6 $11) 13. e4 Nb6 (13... Nxc3 14. Qxc3 Qb6 15. Rd1 $14) 14. Qe2 Qc8 15. Rd1
c5 16. Bf4 (16. a4 $5) 16... Qc6 (16... Rd8 17. Rxd8+ Qxd8 18. Rd1 Qf8 19. a4
$16) 17. a4 (17. Rac1 $5 {/\ b4}) 17... a5 (17... Rad8 18. a5 Nc8 19. Qb5 $14)
18. Qb5 $1 $14 Rfc8 19. Bf1 (19. Rac1 $14) 19... g5 20. Be3 Qxb5 (20... h6 $142
) 21. axb5 $1 a4 22. Ra3 $1 {Mikhalchishin,A (2522)-Borisek,J (2445)/Slovenija
2003; with a big advantage.}) 10. h3 Bc5 11. Nb3 Bb6 12. cxd5 exd5 13. Bg5 h6
14. Bxf6 Qxf6 15. e3 Be6 16. Na4 Rad8 17. Nxb6 axb6 18. Nd4 Nxd4 19. Qxd4 Qxd4
20. exd4 Rc8 21. Rfc1 {Lenic,L (2637)-Rapport,R (2543)/Baden AUT 2012; with a
better endgame.}) ({The most principled move here is considered to be} 6...
Nxd4 7. Qxd4 b6 8. Qf4 Be7 9. e4 d6 10. Qg3 O-O 11. Bh6 Ne8 12. Bf4 Bb7 13. Rd1
Bh4 14. Qh3 Qf6 (14... f5 $6 15. exf5 Bxf2+ (15... Rxf5 16. Bg3 Bxg3 17. hxg3
h6 18. Bd3 Re5+ 19. Kd2 $16) 16. Kxf2 Rxf5 17. g3 $1 Bxh1 18. Bd3 Bc6 19. Bxf5
exf5 20. Qxf5 $16) 15. Be3 Bg5 16. Be2 Bxe3 17. Qxe3 $14 Qe7 18. O-O Nf6 19.
Rd2 Rfd8 20. Rfd1 Bc6 21. f4 $1 {Kasparov,G (2817)-Van Wely,L (2651)/Armenia -
ROW 2004; and White obtained a serious advantage.}) ({Allowing an isolani is
favourable for White here:} 6... d5 7. cxd5 exd5 8. g3 Bc5 9. Nxc6 (9. Nb3 Bb6
10. Bg2 d4 11. Na4 Be6 12. Bg5 Ba5+ 13. Nd2 $14) 9... bxc6 10. Bg2 O-O 11. O-O
Re8 12. Qa4 (12. Na4 {is not bad}) 12... Bg4 13. Bg5 Bxe2 14. Nxe2 Rxe2 15.
Rac1 Bb6 16. Qxc6 Qe8 (16... Rxb2 17. Bxf6 gxf6 18. Bxd5 $16) 17. Bxf6 Qxc6 18.
Rxc6 gxf6 19. Bxd5 Rd8 20. Bc4 Rxb2 21. Rxf6 Rd7 22. Rf3 $14 {Ponomariov,R 
(2718)-Mamedyarov,S (2742)/Moscow 2008}) 7. Nb3 Bb6 $5 {Sutovsky had prepared
a novelty.} ({Just few days before} 7... Be7 {was played:} 8. e4 (8. Bg5 h6 9.
Bh4 O-O 10. e3 b6 11. Be2 Ba6 $10 {Stohl,I-Khalifman,A/Manila izt/1990/}) ({
One very logical development is} 8. Bf4 O-O 9. e3 d5 10. cxd5 Nxd5 11. Nxd5
exd5 12. Bd3 Bf6 13. O-O Qb6 14. Bd6 Re8 15. Bc5 Qd8 16. Qc2 g6 17. Bb5 Bf5 18.
Qd2 a6 19. Bxc6 bxc6 20. Bd4 Rb8 21. Qc3 {Kveinys,A (2545)-Plachetka,J (2475)/
Ostrava 1992; and Black awaits a difficult defence.}) 8... O-O 9. Be2 b6 10.
Bf4 (10. f4 {N} d6 11. Bf3 Bb7 12. Be3 Rc8 13. O-O Qc7 14. g4 (14. Rc1 Qb8)
14... Rfe8 15. Rc1 Qb8 16. Rc2 $6 (16. Rf2 $5) 16... Na5 (16... Ba6 $5 {Ribli})
17. Nxa5 bxa5 18. g5 (18. b3 a4 $1 19. g5 axb3 20. Rb2 Nd7 21. Qxb3 Bc6) 18...
Nd7 19. b3 {Kortschnoj,V (2630)-Lautier,J (2570)/Manila 1990; with better
chances for White.}) (10. Be3 Bb7 11. c5 Na5 12. Nxa5 bxa5 13. f3 Rc8 14. Qb3
Ba8 15. Ba6 Rc6 $13 {Hansen,L-Hansen,C/Vejstrup/1989/}) 10... d6 11. O-O Bb7
12. Re1 Rc8 13. Rc1 a6 14. Bf1 Ne5 15. Nd2 Nfd7 16. Bg3 g5 $5 17. b4 Kh8 18. f3
Rg8 19. Bf2 Bf6 {Lenic,L (2637)-Kunin,V (2537)/St. Veit AUT 2012; with an
unclear position.}) 8. Bf4 ({Probably Sutovsky had prepared active play after
the logical} 8. e4 d5 9. cxd5 exd5 10. exd5 Ng4) ({Maybe it was a good idea to
try} 8. Na4 Bc7 9. g3) (8. c5 Bc7 9. Nb5 O-O 10. g3 Ne4 11. Nxc7 Qxc7 12. f3
Nxg3 13. hxg3 Qxg3+ 14. Kd2 Ne5 15. Kc3 d5 16. Qd4 Nxf3 17. Bf4 Nxd4+ 18. Bxg3
Nf5 19. Bh2 Bd7 20. Nd4 Ne3 21. Bh3 Rac8 22. Kd3 Nc4 23. b3 Na5 24. Rag1 f5 25.
Be5 g6 26. e3 b6 27. cxb6 axb6 28. Rc1 g5 29. Rcg1 g4 30. Bxg4 fxg4 31. Rxg4+
Kf7 32. Rxh7+ Ke8 33. Rgg7 Nc6 34. Nxc6 Bxc6 35. Bc7 Bb5+ 36. Kd4 e5+ 37. Kxe5
Rf5+ 38. Kxf5 Bd3+ 39. Ke6 {1-0 Sorgic,D (2244)-Pavlovic,D/Serbia 2008/EXT 2012
}) 8... d5 9. e3 ({Not} 9. Nb5 Ne4) 9... d4 $6 ({There is nothing wrong with} 
9... O-O) 10. exd4 (10. Nb5 {would be very risky:} dxe3 11. Nd6+ Ke7) 10...
Nxd4 11. Nxd4 Bxd4 ({Problems awaited Black in the endgame} 11... Qxd4 12. Qxd4
Bxd4 13. Nb5 e5 14. Nxd4 exf4 15. f3 Be6 16. O-O-O) 12. Nb5 Bxb2 $6 (12... e5 {
was slightly better:} 13. Nxd4 exf4 14. Qe2+ Qe7 15. O-O-O) 13. Nc7+ (13. Bd6
$1 {was much stronger:} Bxa1 14. Qxa1 Qb6 (14... Ne4 15. Qxg7 Qf6 16. Qxf6 Nxf6
17. Nc7+ Kd7 18. Be5) {but Lenic did not see here the fantastic winning move}
15. Qd1 $3) 13... Ke7 14. Qb3 ({It was possible to take the rook} 14. Nxa8 Qa5+
15. Bd2 Qe5+ 16. Be2 Rd8 17. f4 Qb8 (17... Qc5 18. Bb4 Rxd1+ 19. Rxd1 Bc3+ 20.
Bxc3 {with very strong threats.}) 18. Ra2) 14... e5 ({A forced mate is there
after} 14... Bxa1 15. Qb4+ Kd7 16. Qb5+ Ke7 17. Qc5+ Kd7 18. Qd6#) 15. Qxb2
Qxc7 16. Bxe5 Qb6 17. O-O-O ({Some other players would prefer to improve the
own pawn structure by} 17. Qb4+ Qxb4+ 18. axb4) 17... Rd8 18. Rxd8 ({It was no
better to keep rooks on the board:} 18. Bd3 Be6 19. Qxb6 axb6 20. Kb2 g6 21.
Bc7 Rdc8) 18... Kxd8 19. Bd3 Qxb2+ 20. Kxb2 Be6 {White has the bishop pair,
but the relative weakness of the c4-pawn gives Black chances to equalise.} 21.
Rd1 (21. c5 {would promise a clearly better endgame:} Ng4 22. Bg3 Rc8 23. Rc1)
21... Rc8 ({A very unpleasant position for Black would appear after} 21... Ke7
22. c5 Kf8 23. a4 Rc8 24. a5) 22. Be4+ Nd7 $2 ({The correct move was} 22... Ke7
23. Bxb7 Rxc4 24. Bd6+ Ke8 25. Ba6 Rg4 26. Bb5+ Bd7 27. Bf1 {and White keeps
an advantage, but not such a big one.}) 23. Bxg7 Rxc4 24. Bxb7 Kc7 25. Ba6 $2 (
{Lenic saw the best} 25. Bf3 {but was unsure about the dangerous looking
knight manoeuvre} Nb6 26. Bd4 Na4+ 27. Kb1 {but Black has nothing better than
the bishop ending with a pawn down:} Nc3+ 28. Bxc3 Rxc3 29. Rc1 $18) 25... Rg4
26. Bd4 ({Still there were winning chances after} 26. Bh6 Rxg2 27. Bf4+ Kb6 28.
Rd6+ Kc5 29. Rd2 Rg4 30. Be3+) 26... Rxg2 27. Be3 Ne5 28. Rc1+ Kd8 29. Bxa7
Rxh2 30. a4 Rh4 $1 31. Rd1+ ({Once more it was necessary just to run - Black
would have some defensive problems:} 31. a5 Ra4 32. Bb6+ Ke7 33. Kc3 Nd7 34.
Bb5) 31... Kc7 32. Rd4 Nc4+ {Lenic accepts, that he can't win anymore.} 33.
Bxc4 (33. Kc3 {was met with} Rh3+) 33... Rxd4 34. Bxd4 Bxc4 35. Kc3 Ba6 36.
Be5+ Kc6 37. Kd4 h5 38. Bg3 Be2 39. Ke5 Bd1 40. Kf6 Bxa4 1/2-1/2

[Event "Teheran FIDE GP (Women)"]
[Site "Teheran"]
[Date "2016.02.11"]
[Round "1"]
[White "Cramling, Pia"]
[Black "Ju, Wenjun"]
[Result "0-1"]
[WhiteElo "2521"]
[BlackElo "2558"]
[Annotator "Mikhalchishin,A"]
[PlyCount "106"]
[EventDate "2016.02.11"]
[EventType "tourn"]
[EventRounds "11"]
[EventCountry "IRI"]
[EventCategory "11"]
[SourceTitle "CBM 171"]
[Source "ChessBase"]
[SourceDate "2016.03.14"]
[SourceVersion "2"]
[SourceVersionDate "2016.03.14"]
[SourceQuality "1"]
[WhiteClock "0:00:46"]
[BlackClock "0:11:42"]

1. Nf3 Nf6 2. c4 c5 3. Nc3 Nc6 4. d4 cxd4 5. Nxd4 e6 6. a3 Bc5 7. Nb3 Bb6 {
A provocative new move.} ({The usual retreat} 7... Be7 {leads to hedgehog
structures, which are considered to be passive nowadays.}) 8. c5 ({Before, the
logical} 8. Bf4 {was tried:} d5 (8... e5 9. Bg3 d6 10. e3 Be6 11. Bh4 h6 12.
Bxf6 Qxf6 13. Be2 O-O 14. O-O Rad8 15. Nd2 Qe7 16. Nd5 Bxd5 17. cxd5 Nb8 18. b4
Nd7 19. Nc4 a6 20. Rc1 Ba7 21. Rc2 f5 22. Qd3 g6 23. Rfc1 Nf6 24. Na5 Rd7 25.
Qb3 Qf7 {Artemiev,V (2671)-Khismatullin,D (2642)/Chita 2015, Black keeps the
balance.}) 9. e3 d4 $6 ({There is nothing wrong with} 9... O-O) 10. exd4 Nxd4
11. Nxd4 Bxd4 ({Problems awaited Black in the endgame after} 11... Qxd4 12.
Qxd4 Bxd4 13. Nb5 e5 14. Nxd4 exf4 15. f3 Be6 16. O-O-O) 12. Nb5 Bxb2 $6 (12...
e5 {was slightly better:} 13. Nxd4 exf4 14. Qe2+ Qe7 15. O-O-O) 13. Nc7+ (13.
Bd6 $1 {was much stronger:} Bxa1 14. Qxa1 Qb6 (14... Ne4 15. Qxg7 Qf6 16. Qxf6
Nxf6 17. Nc7+ Kd7 18. Be5) {but Lenic did not see here the fantastic winning
move} 15. Qd1 $3) 13... Ke7 14. Qb3 ({It was possible to take the rook:} 14.
Nxa8 Qa5+ 15. Bd2 Qe5+ 16. Be2 Rd8 17. f4 Qb8 (17... Qc5 18. Bb4 Rxd1+ 19. Rxd1
Bc3+ 20. Bxc3 {with very strong threats}) 18. Ra2) 14... e5 ({A forced mate is
there after} 14... Bxa1 15. Qb4+ Kd7 16. Qb5+ Ke7 17. Qc5+ Kd7 18. Qd6#) 15.
Qxb2 Qxc7 16. Bxe5 Qb6 17. O-O-O ({Other players would prefer to improve their
own pawn structure by} 17. Qb4+ Qxb4+ 18. axb4) 17... Rd8 18. Rxd8 ({It was
not better to keep rooks on the board:} 18. Bd3 Be6 19. Qxb6 axb6 20. Kb2 g6
21. Bc7 Rdc8) 18... Kxd8 19. Bd3 Qxb2+ 20. Kxb2 Be6 {1/2 Lenic,L (2637)
-Sutovsky,E (2700)/Plovdiv 2012/CBM 148/[Mikhalchishin,A] (40)}) ({Maybe it
was a good idea to try} 8. Na4 Bc7 9. g3) (8. e4 O-O (8... d5 9. exd5 exd5 10.
c5 Bc7 11. Be2 O-O 12. Be3 Be5 13. Nd4 Ne4 14. O-O Nxc3 15. bxc3 Qa5 16. Rc1
Re8 17. a4 a6 18. Bf3 Qxc5 19. Nxc6 Qxc6 20. Bxd5 Qc7 21. h3 Be6 22. c4 Rab8
23. Qb3 b6 $11 {Kovalyov,A (2616)-Caruana,F (2808)/Baku 2015}) 9. Be2 (9. Bg5
h6 10. Bh4 d6 11. Be2 a5 12. O-O a4 13. Nd2 Nd4 14. Nf3 e5 15. Nxd4 Bxd4 16.
Nb5 Bc5 17. Bxf6 Qxf6 18. Bg4 {Navara,D (2724)-Eljanov,P (2723)/Biel 2015, the
weakness of the d5-square will sooner or later be a problem for Black.}) 9...
d5 10. cxd5 exd5 11. exd5 Ne7 12. Bf3 Nexd5 13. Nxd5 Nxd5 14. Bxd5 Re8+ 15. Be3
Bxe3 16. fxe3 Rxe3+ 17. Kf2 Qb6 18. Nd4 Re5 19. Bf3 Bg4 20. Qd2 Bxf3 21. gxf3
Rd8 {Kuzubov,Y (2641)-Greenfeld,A (2534)/Douglas 2015, with a very strong
initiative.}) 8... Bc7 9. g3 ({A very interesting try is} 9. Nb5 O-O (9... b6
$5) 10. g3 Ne4 11. Nxc7 Qxc7 12. f3 $5 (12. Bg2 d5 13. cxd6 Nxd6 14. Bg5 f6 15.
Bd2 Nc4 16. Qc2 $14) 12... Nxg3 (12... Nf6) 13. hxg3 Qxg3+ 14. Kd2 Ne5 15. Kc3
(15. Kc2 b6 16. Kb1) 15... d5 16. Qd4 (16. cxd6 Bd7 17. Kc2 Ba4 18. Kb1 Rfd8
19. Ka2) 16... Nxf3 17. Bf4 Nxd4+ 18. Bxg3 {Sorgic,D (2244)-Pavlovic,D/Serbia
2008, Black has no real compensation for the piece.}) ({But not} 9. Bg5 h6 (
9... b6 10. e3 bxc5 11. Nxc5 Be5 12. Rc1 Qa5 13. Bxf6 Bxf6 14. N5e4 Rb8 15.
Nxf6+ gxf6 16. Qd2 Rg8 17. f4 Bb7 18. Bd3 Ne7 19. Rg1 Qh5 20. g3 Rc8 21. Rf1
Nd5 22. Be4 {Laznicka,V (2670)-Sutovsky,E (2626)/Jerusalem 2015, with
advantage.}) 10. Bh4 O-O 11. e3 b6 12. Be2 Be5 13. cxb6 axb6 14. Rc1 Ne7 15.
Bg3 Bxg3 16. hxg3 d5 17. Nd4 e5 18. Nf3 Ng6 {Zubov,A (2600)-Boruchovsky,A 
(2517)/Israel 2015, The black centre is very solid.}) 9... O-O 10. Bg2 b6 11.
O-O (11. cxb6 {is no better:} axb6 12. O-O Bb7 (12... d5 $142 $1) 13. Nb5 d5
14. Nxc7 Qxc7 15. Bf4 e5 16. Bg5 Ne4 17. Bxe4 dxe4 18. Rc1 h6 19. Be3 Rad8 20.
Qc2 f5 21. Qc4+ Kh7 22. Qb5 {Tari,A (2521)-Heimann,A (2546)/Berlin 2015, with
pressure.}) 11... Be5 {Ju Wenjun has played this line with White! And now
improves on Black's play.} (11... Rb8 12. Nb5 bxc5 13. Nxc7 c4 14. Nd4 Qxc7 15.
Nxc6 dxc6 16. Qa4 Nd5 17. Qxc4 Qb6 18. Qc2 Ba6 19. Re1 Qb3 20. Qc5 Qb5 21. Qxb5
(21. Qxa7 c5 22. b4 Rfc8 23. Bxd5 exd5 24. Qe7 $14) 21... cxb5 22. e4 Nb6 23.
Bf1 {1-0 Ju Wenjun (2532)-Muzychuk,A (2561)/Lopota 2014. The bishop pair is
very important here.}) 12. Bf4 $5 ({A very unclear position would appear after
} 12. Be3 Ba6 13. Rc1 Rc8 14. f4 Bc7) 12... Bxf4 (12... Bxc3 {would be too
risky strategically:} 13. bxc3 Ba6 14. Bd6 Re8 15. Qc2 Bc4 16. Rab1) 13. gxf4
Rb8 14. Rb1 ({Tigran Petrosian would apply his favourite idea in such
situations:} 14. Bxc6 dxc6 15. Qxd8 Rxd8 16. Rfd1 Ba6 17. e3 g6 18. Rac1 Kf8
19. Rxd8+ Rxd8 20. Nd4) 14... Ba6 ({An interesting idea was} 14... Ne7 15. e3
bxc5 16. Nxc5 d6 17. N5e4 Nxe4 18. Nxe4 Nf5) 15. Bf3 ({The immediate} 15. Re1 {
was more logical.}) 15... Qc8 {An unnecessary manoeuvre.} ({The immediate} 
15... Ne7 {would be better}) 16. Re1 Ne7 ({It was possible to create his own
strong centre - it was more important than the strong position of the white
knight on c5.} 16... bxc5 17. Nxc5 d5) 17. cxb6 axb6 18. Rc1 Qd8 {Now it is
necessary to go back.} 19. e3 Nf5 20. Nd4 Nh4 ({A major struggle for the
c-file would start after the exchange} 20... Nxd4 21. Qxd4 d5 22. Na2 $1 Nd7
23. Nb4 Bb7 24. Rc3) 21. Bh1 Bb7 22. Bxb7 Rxb7 23. Qe2 ({It was necessary to
play on the c-file:} 23. Ncb5 Qe7 24. Rc4 Ne4 25. Qc2) 23... Rc7 24. Nf3 $6 {
The exchange is in Black's favour.} Nxf3+ 25. Qxf3 d5 26. Red1 ({It was better
to change the file under his control - from the c- to the d-file.} 26. Qe2 Qc8
27. f3 Rc5 28. Rcd1 Rc4 29. Rd2 {but it led to similar positions as in the
game.}) 26... Qd7 27. Qe2 Rfc8 28. f3 h6 29. Rd4 Rc4 30. Rxc4 Rxc4 31. Na2 ({
A more logical, technical way was} 31. b3 Rc6 32. Qd2) 31... Rxc1+ 32. Nxc1 Ne8
$1 {The knight on f6 had no future!} 33. Nb3 Nd6 34. Nd4 f6 $1 35. b3 $6 ({
For equality a more effective idea was} 35. Qc2 Nc4 36. e4 b5 37. exd5 Qxd5 38.
Qe4) 35... e5 36. fxe5 fxe5 37. Nc2 Qf7 38. Ne1 Nf5 39. Ng2 ({It was not easy
fighting against the stronger black knight:} 39. Qd3 d4 40. exd4 Nxd4 41. b4 b5
) 39... d4 40. e4 $6 ({Or} 40. Qd3 dxe3 41. Nxe3 Nd4) 40... Nd6 41. Qd3 Qc7 {
Now Black can create a lot of threats controlling the c-file.} 42. Kf2 Qc1 43.
f4 ({White can not apply a waiting strategy here:} 43. a4 Qb2+ 44. Kg3 Kh7 45.
h3 h5) 43... exf4 44. Qxd4 $6 {White is lost now.} ({Or} 44. e5 Qb2+ 45. Kg1
Nf7 46. Nxf4 Qc1+ 47. Qf1 Qe3+ 48. Kg2 Qxe5 49. Qf3 {with drawing chances.})
44... Qc2+ 45. Kf3 Qxb3+ 46. Kxf4 Qh3 $1 47. Qf2 Qxh2+ 48. Ke3 Qh3+ 49. Kd4
Qxa3 50. Kd5 Ne8 51. e5 Nc7+ 52. Kc6 Qc3+ 53. Kb7 Qxe5 0-1

[Event "EU-ch 18th"]
[Site "Minsk"]
[Date "2017.05.30"]
[Round "1"]
[White "Howell, David"]
[Black "Kanmazalp, Ogulcan"]
[Result "1/2-1/2"]
[WhiteElo "2684"]
[BlackElo "2447"]
[Annotator "Moradiabadi,E"]
[PlyCount "49"]
[EventDate "2017.05.30"]
[EventType "swiss"]
[EventRounds "11"]
[EventCountry "BLR"]
[SourceTitle "CBM 179"]
[Source "ChessBase"]
[SourceDate "2017.07.12"]
[SourceVersion "1"]
[SourceVersionDate "2017.07.12"]
[SourceQuality "1"]

1. c4 c5 2. Nf3 Nc6 3. d4 cxd4 4. Nxd4 Nf6 5. Nc3 e6 6. Bf4 d5 7. e3 Bc5 8.
Nxc6 bxc6 9. Be2 O-O 10. O-O Bd6 11. Bxd6 Qxd6 12. Qa4 a5 13. Rac1 Ba6 14. Rc2
Rfb8 15. b3 {This game is an example of a GM's draw offer. The Black player, a
much lower-rated IM, faces a strong British GM but thanks to his deep
calculation and solid play he gets the upper hand after:} Rb4 $1 16. Qxa5 (16.
Qa3 dxc4 17. bxc4 Qe5 18. Rd1 h5 19. h3 {is slightly better than Howell's
choice.}) 16... Bb7 17. c5 Qxh2+ $1 {Howell, may have missed this.} 18. Kxh2
Rxa5 {Now Black has a greatly superior pawn structure and White's pawn on c5
is a great target.} 19. Na4 Ba6 $1 {Another strategically sensible move. Black
gets rid of his bad bishop.} 20. Bxa6 Rxa6 21. Kg1 Kf8 22. f3 Ke7 23. Kf2 Nd7
24. Ke2 Ra5 25. Kd2 $1 {The exclamation mark is for Howell's draw offer. It
was going to be a long session of suffering for White as Black could
comfortably play h5-g6-e5-f5 and keep improving his position while all White
could do was to stall. Howell, offered a draw before things got nastier. A
wise decision on his part and not a very good one from his opponent's side,
who showed more respect to his opponent than to his position.} (25. Kd2 h5 26.
Rh1 g6 27. Kc3 Rb7 28. Kd2 e5 29. g3 Ke6 30. Rhc1 f5 {and a very bad position
for White.}) 1/2-1/2

[Event "EU-ch 6th"]
[Site "Warsaw"]
[Date "2005.06.20"]
[Round "3"]
[White "Van Wely, Loek"]
[Black "Guadalpi, David"]
[Result "1-0"]
[WhiteElo "2687"]
[BlackElo "2317"]
[Annotator "Mueller,Karsten"]
[PlyCount "147"]
[EventDate "2005.06.18"]
[EventType "swiss"]
[EventRounds "13"]
[EventCountry "POL"]
[SourceTitle "CBM 108"]
[Source "ChessBase"]
[SourceDate "2005.09.26"]
[SourceVersion "1"]
[SourceVersionDate "2005.09.26"]
[SourceQuality "1"]

1. Nf3 c5 2. c4 Nc6 3. d4 cxd4 4. Nxd4 Nf6 5. Nc3 e6 6. a3 Be7 7. e4 O-O 8. Nf3
Qc7 9. Be2 b6 10. O-O Bb7 11. Bg5 Rac8 12. Rc1 Qb8 13. Bh4 d6 14. b4 Rfe8 15.
Re1 Ne5 16. Nxe5 dxe5 17. Bf1 Rcd8 18. Qb3 Rd4 19. Bg3 Nh5 20. Rcd1 Nxg3 21.
hxg3 Red8 22. Rxd4 exd4 23. Na4 Bc6 24. Nb2 Qb7 25. e5 Be4 26. f3 Bc6 27. Bd3
h5 28. b5 Be8 29. Be4 Qc7 30. Nd3 h4 31. g4 Rc8 32. Rc1 Bc5 33. a4 f6 34. exf6
gxf6 35. Qb2 Qg3 36. Nxc5 bxc5 37. Qf2 Kg7 38. Qxg3 hxg3 39. Kf1 Bg6 40. Bxg6
Kxg6 41. Ke2 Rh8 42. a5 Kg5 43. Kd3 f5 44. Re1 Kf6 45. gxf5 Kxf5 46. Rb1 Rh7
47. a6 Ke5 48. b6 axb6 49. Rxb6 Rh1 50. Rc6 Rd1+ 51. Kc2 Ra1 52. Rxc5+ Kd6 53.
Rg5 Rxa6 54. Kd3 Ra2 55. Rxg3 e5 56. Rg8 Ra3+ 57. Ke4 Re3+ 58. Kf5 d3 $2 (58...
Kc5 59. Rc8+ Kb4 60. c5 d3 61. g4 (61. c6 Kc5 62. f4 Kd6 $11) 61... Rxf3+ 62.
Kxe5 Re3+ 63. Kf5 d2 64. Rd8 Kc3 65. c6 Re7 $11) 59. Rc8 $3 {[%mdl 4096] Dies
schneidet den schwarzen König entscheidend ab. Ohne aktiven König hat Schwarz
keine Chance mehr:} d2 60. Rd8+ Kc5 61. Rxd2 Kxc4 62. g4 Rxf3+ 63. Kxe5 Rg3 64.
Kf4 Rg1 65. g5 Rf1+ 66. Ke5 Rg1 67. Kf6 Rf1+ 68. Kg7 Kc5 69. g6 Rg1 70. Kf7
Rf1+ 71. Kg8 Kc6 72. g7 Rg1 73. Rh2 Kd6 74. Kh7 1-0

[Event "Oakham YM"]
[Site "Oakham"]
[Date "1986.??.??"]
[Round "1"]
[White "Condie, Mark L"]
[Black "Schulte, Oliver"]
[Result "1-0"]
[WhiteElo "2425"]
[BlackElo "2310"]
[Annotator "Nunn,J"]
[PlyCount "59"]
[EventDate "1986.04.??"]
[EventType "swiss"]
[EventRounds "9"]
[EventCountry "ENG"]
[SourceTitle "MCL"]
[Source "ChessBase"]
[SourceDate "1999.07.01"]
[SourceVersion "1"]
[SourceVersionDate "1999.07.01"]
[SourceQuality "1"]

1. Nf3 Nf6 2. c4 c5 3. Nc3 Nc6 4. d4 cxd4 5. Nxd4 e6 6. g3 Qb6 7. Nb3 Ne5 (7...
d5 8. cxd5 Nxd5 9. Nxd5 exd5 10. Bg2 Bb4+ 11. Bd2 $14) 8. e4 Bb4 (8... d6 9. f4
Ng6 10. Qe2 Be7 11. Be3 Qc7 12. Bg2 (12. Nb5) 12... Bd7 13. Rc1 O-O 14. O-O $16
{[Polugaevsky - Ljubojevic, Tilburg 1985]}) 9. Qe2 a5 $5 (9... O-O 10. f4 Nc6
11. e5 Ne8 12. Bd2 f6 13. c5 Qd8 14. a3 Bxc3 15. Bxc3 fxe5 16. Bxe5 Nxe5 17.
Qxe5 $14 {[Dvoirys - Tal, SSSR 1985]}) 10. Bg2 $6 (10. Be3 Qc6 11. f3 (11. Bd2
{S.Conquest /\ Nd4-b5} a4 (11... O-O 12. f4) 12. Nd4 Qb6 13. Ndb5 $40) 11...
O-O 12. Nd4 Qa6 13. Ndb5 d5 14. cxd5 (14. Nc7 Qc6 15. Nxa8 Nxc4 16. Bd4 b5 $5
$14 {Karpov}) 14... exd5 15. Bd4 dxe4 $1 16. Bxe5) 10... a4 11. Nd2 (11. Be3
Qc6 12. Nd2 a3) 11... h5 $2 (11... d6 $142 12. O-O Bd7 13. Nf3 (13. Kh1 h5 $1
14. Nf3 Bxc3 15. bxc3 Bc6 16. Nd4 h4 $36) 13... Nxf3+ 14. Qxf3 (14. Bxf3 O-O)
14... Bc6 (14... O-O $2 15. Bg5) 15. Bg5 Nd7 16. Qe2 O-O 17. Nd5 exd5 18. exd5
Rfe8 19. Qc2 Bb5 $1 20. cxb5 Qxb5 {/\ Re2=}) (11... a3 12. O-O axb2 13. Bxb2
Ba3 14. Bxa3 Rxa3 15. Rfb1 {/\ Nb5}) 12. Nf3 $1 (12. O-O h4) 12... Nxf3+ (12...
d6 $142 13. Bf4 Ng6 (13... Nxf3+ 14. Bxf3 e5 15. Be3 Bc5 16. Bg5) 14. Be3 Bc5
15. Bxc5 Qxc5 16. O-O $14) 13. Bxf3 d6 14. O-O h4 $2 (14... e5 15. Be3 Bc5 16.
Bg5 $40) 15. e5 $1 Nd7 (15... dxe5 16. Qxe5 Bd6 17. Qg5 {/\ Be3, Nb5, Rad1 |^})
16. Nd5 $1 exd5 (16... Qa5 17. Nxb4 Qxb4 18. exd6 Qxd6 19. Bf4 $16 {/\ Rad1})
17. exd6+ Kf8 18. Qe7+ Kg8 19. Bxd5 Nf6 (19... Qxd6 20. Qxf7+ Kh7 21. Be4+) 20.
Qxf7+ Kh7 21. Be4+ $1 Nxe4 22. Qh5+ Kg8 23. Qe8+ Kh7 24. Qxe4+ g6 (24... Kg8
25. Qd5+ Kh7 26. d7 $18) 25. Qe7+ Kg8 26. Qe8+ Kg7 27. d7 hxg3 (27... Qd4 28.
dxc8=Q Rxc8 29. Be3 $1) 28. Qe5+ Kf7 (28... Qf6 29. Bh6+ $1 Kf7 30. fxg3 $18) (
28... Kh7 29. Be3 Qa5 30. c5 $1 gxh2+ (30... Bxd7 31. fxg3 Bf5 32. Rxf5 $18)
31. Qxh2+ Kg8 32. Qd6 Bxd7 33. Qxg6+ Kf8 34. Qf6+ Kg8 35. Bd4 Rh7 36. Qg6+ $18)
29. Qxh8 Bxd7 30. Qh7+ 1-0